| 000 | 02012nam a2200481 i 4500 | ||
|---|---|---|---|
| 001 | DIGFCE1875 | ||
| 003 | NyNyDIG | ||
| 006 | m o d | ||
| 007 | cr ||||||||||| | ||
| 008 | 220720s2019 mx a ob 001 0 spa d | ||
| 035 | _a(OCoLC)1145431794 | ||
| 040 |
_aDGITA _beng _erda _epn _cDGITA |
||
| 020 |
_a9786071664587 _qeBook _qePub |
||
| 020 |
_z9786071663221 _qrústico |
||
| 041 | 1 |
_aspa _heng |
|
| 050 | 1 | 4 | _aBD215 ebook |
| 082 | 0 | 4 | _a121.6 |
| 100 | 1 |
_aNilsson, Nils J., _d1933-2019, _eauthor. |
|
| 240 | 1 | 0 |
_aUnderstanding beliefs. _lSpanish _s(Rocha) |
| 245 | 1 | 0 |
_aPara una comprensión de las creencias / _cNils J. Nilsson ; traducción Arturo Rocha Cortés. |
| 250 | _aPrimera edición electrónica. | ||
| 264 | 1 |
_aCiudad de México : _bFondo de Cultura Económica, _c2019. |
|
| 300 |
_a1 online resource : _billustrations. |
||
| 336 |
_atext _btxt _2rdacontent |
||
| 337 |
_acomputer file _bc _2rdamedia |
||
| 338 |
_aonline resource _bcr _2rdacarrier |
||
| 347 |
_atext file _2rdaft |
||
| 347 | _bEPUB | ||
| 490 | 1 | _aBiblioteca universitaria de bolsillo | |
| 504 | _aIncludes bibliographical references and index. | ||
| 588 | 0 | _aOnline resource; title from ePub title page (Digitalia, viewed July 27, 2022) | |
| 650 | 0 | _aBelief and doubt. | |
| 655 | 0 | _aElectronic books. | |
| 700 | 1 |
_aRocha, Arturo _q(Rocha Cortés), _etranslator. |
|
| 700 | 1 |
_iTranslation of: _aNilsson, Nils J., _d1933-2019. _tUnderstanding beliefs. |
|
| 776 | 0 | 8 |
_iPrint version: _aNilsson, Nils J., 1933-2019. _sUnderstanding beliefs. Spanish (Rocha). _tPara una comprensión de las creencias. _bPrimera edición en español. _dCiudad de México : Fondo de Cultura Económica, 2019 _z9786071663221 |
| 791 | 2 |
_aDigitalia (Firm), _edistributor. |
|
| 793 | 0 |
_gDigitalia eBook Collection: _aFondo de Cultura Económica |
|
| 830 | 0 | _aBiblioteca universitaria de bolsillo. | |
| 856 | 4 | 0 |
_3Digitalia Hispánica _uhttps://www.digitaliapublishing.com/a/98972/ |
| 910 | _aPremium collection: 2022 | ||
| 942 | _cRAA | ||
| 999 |
_c267737 _d267737 |
||